Southville International School and Colleges
Your cart is empty.
  • Cart
  • Lists
    Public lists Eva Luna New books Lux_list list_1
    Your lists Log in to create your own lists
  • Log in to your account
  • Your cookies
  • Search history
Southville International School and Colleges
  • Advanced search
  • Recent comments
  • Most popular
  • Libraries

Log in to your account

Log in with GOOGLE


If you do not have an external account, but do have a local account, you can still log in:

  1. Home
  2. MARC view: Reading inside out interviews and conversation
Normal view MARC view ISBD view

Reading inside out interviews and conversation (Record no. 365275)

[ view plain ]
MARC details
000 -LEADER
fixed length control field 00636nam a22002057a 4500
003 - CONTROL NUMBER IDENTIFIER
control field 0
005 - DATE AND TIME OF LATEST TRANSACTION
control field 20230911113315.0
008 - FIXED-LENGTH DATA ELEMENTS--GENERAL INFORMATION
fixed length control field 230911b xxu||||| |||| 00| 0 eng d
020 ## - INTERNATIONAL STANDARD BOOK NUMBER
International Standard Book Number 978-971-555-451-4
050 ## - LIBRARY OF CONGRESS CALL NUMBER
Classification number PN 85
Item number .M53 2017
100 ## - MAIN ENTRY--PERSONAL NAME
Personal name Miller, J. Hillis
245 ## - TITLE STATEMENT
Title Reading inside out interviews and conversation
Statement of responsibility, etc J. Hillis Miller
260 ## - PUBLICATION, DISTRIBUTION, ETC. (IMPRINT)
Place of publication, distribution, etc Manila
Name of publisher, distributor, etc De La Salle University Publishing House
Date of publication, distribution, etc c2017.
300 ## - PHYSICAL DESCRIPTION
Extent xxiv, 298 pages ;
Dimensions 23 cm.
500 ## - GENERAL NOTE
General note Criticism.
504 ## - BIBLIOGRAPHY, ETC. NOTE
Bibliography, etc Includes bibliographical references and index.
650 ## - SUBJECT ADDED ENTRY--TOPICAL TERM
Topical term or geographic name as entry element Criticism.
650 ## - SUBJECT ADDED ENTRY--TOPICAL TERM
Topical term or geographic name as entry element Literature and society.
942 ## - ADDED ENTRY ELEMENTS (KOHA)
Source of classification or shelving scheme Library of Congress Classification
Koha item type Books
Holdings
Withdrawn status Lost status Source of classification or shelving scheme Damaged status Home library Current library Shelving location Date acquired Source of acquisition Total Checkouts Full call number Barcode Date last seen Price effective from Koha item type
    Library of Congress Classification   College Library College Library Filipiniana Section 09/11/2023 Library Fund   PN 85 .M53 2017 C22962 09/11/2023 09/11/2023 Books

Reading inside out interviews and conversation

APA

Miller J. H., . (2017). Reading inside out interviews and conversation. Manila: De La Salle University Publishing House.

Chicago

Miller J Hillis, . 2017. Reading inside out interviews and conversation. Manila: De La Salle University Publishing House.

Harvard

Miller J. H., . (2017). Reading inside out interviews and conversation. Manila: De La Salle University Publishing House.

MLA

Miller J Hillis, . Reading inside out interviews and conversation. Manila: De La Salle University Publishing House. 2017.

  • Place hold
  • Print
  • Cite
  • Add to your cart (remove)
  • Save record
    BIBTEX Dublin Core MARCXML MARC (non-Unicode/MARC-8) MARC (Unicode/UTF-8) MARC (Unicode/UTF-8, Standard) MODS (XML) RIS
  • More searches
    Search for this title in:
    Other Libraries (WorldCat) Other Databases (Google Scholar) Online Stores (Bookfinder.com) Open Library (openlibrary.org)

Exporting to Dublin Core...

SOUTHVILLE LIBRARY

Southville International School and Colleges Library

1281 Tropical Ave. Cor. Luxembourg St., BF Homes International, Las Pinas City

Tel. No. 8256374 / 252358 Loc. 117/146

Powered by Koha